000 00757nam a2200289Ia 4500
005 20260324124315.0
008 008 260324s9999 xx 000 0 eng d
020 _a9780203886052
037 _aEBOOK
040 _aCRL
040 _beng
040 _cCRL
041 _2eng
041 _aeng
084 _qCRL
100 _aJulie M. Koch; Sandra Sanger; Thomas M. Skovholt; Michelle Trotter-Mathison
_91173647
245 0 _aVoices from the Field
245 0 _bDefining Moments in Counselor and Therapist Development
260 _bTaylor and Francis
260 _c2010
365 _a
365 _b220
856 _uhttp://www.taylorfrancis.com/books/9780203886052
942 _cEBOOK
999 _c1767920
_d1767920